000 00495nmc a2200193 a 4500
003 AR-X00000XY
005 20251128212015.0
008 117020s1937 ||||||||||||||000 | spa||
040 _cAR-X00000XY
100 1 _aBalint, Alice
245 1 0 _aLa vie intime de l'enfant
260 _aParis
_bGallimard
_c1937
300 0 _a202 p.
490 0 _aCollection Psychologie
_v3
500 0 _aCon subrayado de Alejandra Pizarnik
700 1 _aGara, L.
_etraductor
942 _cBK
998 _cmartin
999 _c22044
_d22044